| 000 | 00730cam a2200181 a 4500 | ||
|---|---|---|---|
| 020 | _a082130254X | ||
| 082 | 0 | 0 |
_a658.407124091724 _bSUC _cD |
| 100 | 1 |
_aKubr, Milan. _944747 |
|
| 245 | 1 | 0 |
_aSuccesses and failures in meeting the management challenge : _bstrategies and their implementation / _cMilan Kubr, John Wallace. |
| 260 |
_aWashington, D.C., U.S.A. : _bWorld Bank, _cc1983. |
||
| 300 |
_avii, 98 p. ; _c27 cm. |
||
| 490 | 1 |
_aWorld Bank staff working papers ; _aManagement and development series ; |
|
| 526 |
_a0 _b0 _c0 _d658_407124091724000_SUC |
||
| 650 | 0 |
_aExecutives _xTraining of _zDeveloping countries. _944748 |
|
| 650 | 0 |
_aManagement _zDeveloping countries. _944749 |
|
| 700 | 1 |
_aWallace, John, _944750 |
|
| 942 |
_2ddc _cBK |
||
| 999 |
_c548449 _d548449 |
||